Liedtext: In der Weihnachtsbäckerei - Statistiken

Allgemein
  • Dieses Quiz wurde 175 mal gespielt
  • Das Durchschnittsergebnis liegt bei 139 aus 188
Antwortstatistiken
Textquiz % Korrekt
der
100%
In
100%
Weihnachtsbäckerei
100%
es
98%
Gibt
98%
manche
97%
Mehl
96%
und
96%
Und
96%
Ei
94%
so
93%
ein
91%
Leckerei
90%
Zwischen
90%
Eine
89%
Milch
88%
Kleckerei
85%
Knilch
85%
Macht
83%
mancher
83%
riesengroße
81%
das
76%
Das
76%
wir
73%
die
71%
Wer
70%
den
68%
hat
68%
ist
68%
Rezept
67%
Platz
65%
Wo
65%
geblieben
64%
lieben?
64%
Von
63%
Plätzchen,
62%
backen
56%
dann
56%
Ofen
55%
Na,
53%
müssen
51%
nach
49%
an
46%
Du
46%
Schnauze
46%
Verschleppt?
46%
Vorbei
46%
frei
45%
Zimt?
45%
Einfach
44%
rein?
43%
kommt
42%
Schwein
40%
Butter,
39%
bisschen
38%
packen
38%
probieren
38%
verrühren
38%
Sind
37%
Verbrannt
37%
Brauchen
36%
brauchen
36%
Finger
35%
Kneten
35%
stimmt
35%
zum
35%
Denn
33%
Schokolade
33%
ran!
32%
Honig,
31%
mal
30%
Nüsse
30%
einmal
29%
zur
29%
Zwischendurch
29%
nicht
28%
auf
26%
Bitte
26%
Seite
26%
gespannt
25%
treten
25%
Warten
24%
stechen
22%
Erstmal
21%
Schmeißt
21%
Ofenblechen
20%
Succade
15%
Keine übereinstimmenden Quizze gefunden
Verteilung der Resultate
Anzahl Personen mit jedem Resultat
Perzentil nach korrekt beantworteten Fragen
Ihre Resultats-Entwicklung
Sie haben dieses Quiz noch nicht gespielt